| 000 | 00503nam a2200181Ia 4500 | ||
|---|---|---|---|
| 003 | OSt | ||
| 005 | 20250212101246.0 | ||
| 008 | 210210b1949 xxu||||| |||| 00| 0 eng d | ||
| 040 | _cAL | ||
| 041 | _akan | ||
| 082 | _a852/653 | ||
| 100 |
_aHARIDASA (M) _9160233 _dಹರಿದಾಸ (ಎಂ ) |
||
| 245 |
_aEchchetta agneya Eshiya: _bಎಚ್ಛೆತ್ತ ಆಗ್ನೇಯ ಏಶಿಯ |
||
| 260 |
_aHubballi _b- _c1949 |
||
| 690 |
_aKannada Prose _9160234 |
||
| 906 | _a019219 | ||
| 942 |
_2ddc _cBK |
||
| 999 |
_c143342 _d143342 |
||